| 000 | 00432nam a22001817a 4500 | ||
|---|---|---|---|
| 003 | NUST | ||
| 020 | _a9788123925370 | ||
| 038 | _aKhadija | ||
| 082 |
_a620.3 _bDES |
||
| 100 |
_aDeshpande, Vijay _983021 |
||
| 245 | _aMechanical Ventilation Clinical Application | ||
| 250 | _a2nd ed. | ||
| 260 |
_aNew Delhi : _bCBS Publisher, _c2015. |
||
| 300 |
_a374 p. ; _b24 cm. |
||
| 500 | _aPaperback. | ||
| 563 | _aPB | ||
| 942 |
_cBK _2ddc |
||
| 999 |
_c33968 _d33968 |
||